00555nam a2200193 a 4500001001300000003000900013005001700022008004100039020001000080082001800090100002500108245007100133260004600204300000900250500003500259505001000294650003400304650002300338nice12345678IN_TiNIC20260116013549.0050524s1977 kuaa grp 000 0 eng  ac29400a297.1229bGHA aGhazali Al, Muhammad aJewels of the Quranb Al-Ghazali`s Theory, a Translation With an J aKualalumpurbUniversity of Malaysiac1977 a244p aincludes index and biblioraphy2 aIndex aAl-Ghazali Quran Hermaneutics aQuran-Hermeneutics